Working Guide to Pumps and Pumping Stations: Calculations and Simulations

Detalles Bibliográficos
Autor principal: Shashi Menon E.
Otros Autores: Menon P. S. Pramila
Sumario:Заглавие с титульного экрана
Режим доступа: из корпоративной сети ТПУ
Lenguaje:inglés
Publicado: Amsterdam, Elsevier, 2010
Materias:
Acceso en línea:http://www.lib.tpu.ru/fulltext2/m/2016/science_book/Working%20Guide%20to%20Pumps%20and%20Pumping%20Stations_2010.pdf
Formato: MixedMaterials Electrónico Libro
KOHA link:https://koha.lib.tpu.ru/cgi-bin/koha/opac-detail.pl?biblionumber=317932

MARC

LEADER 00000nlm0a2200000 4500
001 317932
005 20231102003027.0
035 |a (RuTPU)RU\TPU\book\343400 
035 |a RU\TPU\book\343385 
090 |a 317932 
100 |a 20160415d2010 k y0engy50 ba 
101 0 |a eng 
102 |a NL 
105 |a a z 001zy 
135 |a drcn ---uucaa 
200 1 |a Working Guide to Pumps and Pumping Stations  |b Electronic resource  |e Calculations and Simulations  |f E. Shashi Menon, P. S. Menon 
203 |a Text  |c electronic 
210 |a Amsterdam  |c Elsevier  |d 2010 
230 |a 1 компьютерный файл (pdf; 10 Mb) 
300 |a Заглавие с титульного экрана 
333 |a Режим доступа: из корпоративной сети ТПУ 
337 |a Adobe Reader 
606 1 |a Насосы  |x Эксплуатация  |2 stltpush  |3 (RuTPU)RU\TPU\subj\44951  |9 64219 
610 1 |a электронный ресурс 
610 1 |a насосы 
610 1 |a насосные станции 
610 1 |a расчеты 
610 1 |a моделирование 
675 |a 621.65.004  |v 3 
700 1 |a Shashi Menon  |b E. 
701 1 |a Menon  |b P. S.  |g Pramila 
801 1 |a RU  |b 63413507  |c 20131216 
801 2 |a RU  |b 63413507  |c 20160622  |g RCR 
856 4 |u http://www.lib.tpu.ru/fulltext2/m/2016/science_book/Working%20Guide%20to%20Pumps%20and%20Pumping%20Stations_2010.pdf 
942 |c CF